Lista de participantes en el Seminario Latinoamericano Taller Ideológico: "Socialdemocracia en América Latina"

Kaydedildi:
Detaylı Bibliyografya
Materyal Türü: Metin
Baskı/Yayın Bilgisi: Heredia :
Konular:
Etiketler: Etiketle
Etiket eklenmemiş, İlk siz ekleyin!

MARC

LEADER 00000 a a2200000 04500
001 15605
003
040
090 |a 007800  
245 |a Lista de participantes en el Seminario Latinoamericano Taller Ideológico: "Socialdemocracia en América Latina"  
260 |a Heredia :  
300 |a 4 p.  
650 |a DIRECTORIOS  
999 |c 14444  |d 14444